Education in Belgium : A Few basic elements (Record no. 414077)

000 -LEADER
fixed length control field 00385cam a22001097a 4500
008 - FIXED-LENGTH DATA ELEMENTS--GENERAL INFORMATION
fixed length control field 180718b1967 xxu||||| |||| 00| 0 eng d
082 ## - DEWEY DECIMAL CLASSIFICATION NUMBER
Classification number P x493 B411
245 ## - TITLE STATEMENT
Title Education in Belgium : A Few basic elements
Statement of responsibility, etc. By Belgian information and dcumentation institute
260 ## - PUBLICATION, DISTRIBUTION, ETC.
Place of publication, distribution, etc. Brussels
Name of publisher, distributor, etc. Belgian information and dcumentation institute
Date of publication, distribution, etc. 1967
300 ## - PHYSICAL DESCRIPTION
Extent 12p.
650 ## - SUBJECT ADDED ENTRY--TOPICAL TERM
Topical term or geographic name entry element Education -- Belgium
Holdings
Withdrawn status Lost status Damaged status Not for loan Permanent Location Current Location Date acquired Full call number Barcode Date last seen Price effective from Koha item type
        Indian Institute of Public Administration Indian Institute of Public Administration 2009-02-20 P x493 B411 D435 2018-07-21 2018-07-21 D

Powered by Koha